|
|
|
|
| LEADER |
00000nam a22000007a 4500 |
| 005 |
20210910123212.0 |
| 007 |
cr|||| |||| |
| 008 |
210910s2014 br |||||s|||| 00||0 por d |
| 020 |
|
|
|a 9000000053151
|
| 035 |
|
|
|a 35153
|
| 040 |
|
|
|a vLex
|
| 090 |
|
|
|c 12394
|d 12394
|
| 100 |
1 |
|
|a Vieira De Figueiredo, Marina
|
| 245 |
1 |
0 |
|a Lanȧmento Tributr̀io
|h [Recurso electrn̤ico] :
|b Revisô e seus efeitos /
|c Marina Vieira De Figueiredo
|
| 256 |
|
|
|a Servicio en ln̕ea
|
| 260 |
|
|
|a San Pablo:
|b Editora Noeses,
|c 2014
|
| 300 |
|
|
|a 1 recurso electrn̤ico
|
| 500 |
|
|
|a Trata do “lanȧmento tributr̀io”, norma jurd̕ica que certifica o fato jurd̕icotributr̀io e constitui a obrigaȯ̂ de pagar o tributo, bem como das normas jurd̕icas que regem a “revisô do lanȧmento tributr̀io”. Por isso, volta-se a responder as seguintes queste̳s: O que ̌lanȧmento tributr̀io? Que ̌revisô do lanȧmento tributr̀io? Em que hipt̤eses a revisô ̌possv̕el? Quais os vc̕ios do lanȧmento tributr̀io que autorizam a sua revisô? Quem pode requerer a revisô do lanȧmento tributr̀io e quais sô os efeitos dessa revisô?
|
| 506 |
1 |
|
|a Disponible solo en los productos indicados
|d vLex Global
|d vLex Global (Academic Edition, excluding Law Schools)
|d vLex Global (U.S. Academic Edition, Law Schools)
|d vLex Global (U.S. Academic Edition, excluding Law Schools)
|d vLex Global (Academic Edition, Law Schools)
|
| 650 |
0 |
4 |
|a Derecho Tributario
|z Brasil
|
| 740 |
0 |
|
|a vLex Libros (Servicio en ln̕ea)
|
| 856 |
4 |
0 |
|u https://app.vlex.com/#/sources/35153
|z Acceso restringido
|
| 942 |
|
|
|c BOOK
|
| 999 |
0 |
|
|a Tax Law
|